| 000 | 00623nac a22001931u 4500 | ||
|---|---|---|---|
| 008 | 130102s2004 ii |||||r|||| 00| 0 eng d | ||
| 010 | _a 89038733 | ||
| 020 | _a0131550454 | ||
| 020 | _a812030778x | ||
| 082 | 0 | 0 |
_a005.453 _bHOL _222 |
| 100 |
_aHolub, Allen I. _931762 |
||
| 245 | 1 | 0 |
_aCompiler design in C / _cAllen I. Holub. |
| 260 |
_aNew Delhi : _bPrentice Hall of India, _c2004. |
||
| 300 |
_axviii, 924 p. ; _c27 cm. |
||
| 440 | 0 |
_aPrentice-Hall software series _931763 |
|
| 650 | 0 |
_aCompilers (Computer programs) _931764 |
|
| 650 | 0 |
_aC (Computer program language) _931765 |
|
| 942 |
_cBB _k005.453HOL _2ddc |
||
| 999 |
_c473 _d473 |
||